| 000 | 00684nam a2200193 i 4500 | ||
|---|---|---|---|
| 001 | 132701 | ||
| 003 | ES-MaACL | ||
| 005 | 20241027162215.0 | ||
| 007 | t| | ||
| 008 | 070214s1914 sp r ||||1| spa d | ||
| 100 | 1 |
_aRomera, Elías. _999291 |
|
| 245 | 1 | 0 |
_aTemas profesionales : _bcarta abierta dirigida a los Sres. D. Antonio Casal y demás farmacéuticos del partido de Caldas de Reyes (Pontevedra) / _cpor Elías Romera. |
| 260 |
_aMadrid : _b[s.n.], _c1914 ( _fÁngel B. Velasco) |
||
| 300 |
_a51 p. ; _c18 cm. |
||
| 650 | 4 |
_aFarmacias- _zEspaña. _9136085 |
|
| 852 |
_aES-MaACL _jT-1388-F-8 _z- Dedicatoria autógrafa del autor |
||
| 942 | _2udc | ||
| 999 |
_c132701 _d132701 |
||